|
|
|
|
| LEADER |
00000nam0a2200000 4500 |
| 001 |
308699 |
| 005 |
20231102002123.0 |
| 035 |
|
|
|a (RuTPU)RU\TPU\book\334020
|
| 090 |
|
|
|a 308699
|
| 100 |
|
|
|a 20151105d1981 k y0rusy50 ca
|
| 101 |
0 |
|
|a rus
|
| 102 |
|
|
|a UA
|
| 105 |
|
|
|a y z 001zy
|
| 200 |
1 |
|
|a Методология социального прогнозирования
|e монография
|f В. В. Косолапов
|
| 210 |
|
|
|a Киев
|c Вища школа
|d 1981
|
| 215 |
|
|
|a 311 с.
|
| 320 |
|
|
|a Библиогр.: с. 301-309
|
| 606 |
1 |
|
|a Социальное прогнозирование
|2 stltpush
|3 (RuTPU)RU\TPU\subj\37879
|9 58650
|
| 610 |
1 |
|
|a социология
|
| 610 |
1 |
|
|a методология
|
| 610 |
1 |
|
|a обществознание
|
| 610 |
1 |
|
|a общественные процессы
|
| 610 |
1 |
|
|a марксистско-ленинская теория
|
| 610 |
1 |
|
|a социальные исследования
|
| 610 |
1 |
|
|a планирование
|
| 610 |
1 |
|
|a 20 век
|
| 686 |
|
|
|a С55.373.11
|v LBC/SL-A
|2 rubbk
|
| 700 |
|
1 |
|a Косолапов
|b В. В.
|g Виктор Васильевич
|
| 801 |
|
1 |
|a RU
|b 63413507
|c 20151105
|
| 801 |
|
2 |
|a RU
|b 63413507
|c 20161003
|g RCR
|
| 942 |
|
|
|c BK
|